| 000 | 00739nam a22002177a 4500 | ||
|---|---|---|---|
| 999 |
_c9155 _d9155 |
||
| 001 | 9155 | ||
| 003 | BD-JhCC | ||
| 005 | 20180310112413.0 | ||
| 008 | 180310b1369 bg ||||| |||| 00| 0 ben d | ||
| 035 | _a(BD-JhCC)9155 | ||
| 040 |
_aBD-JhCC _dBD-JhCC |
||
| 041 | _aben | ||
| 082 |
_a920 _bJAH 1369 |
||
| 100 | _aজাহাঙ্গীর, বোরহান উদ্দিন খান | ||
| 245 |
_aহেমিংওয়ে ফ্রষ্ট ফকনার / _c বোরহান উদ্দিন খান জাহাঙ্গীর |
||
| 260 |
_aঢাকা: _bষ্টুডেন্ট ওয়েজ, ঢাকা _c1369. |
||
| 300 |
_a163 p. : _c18 cm. |
||
| 650 | _aBiography | ||
| 942 |
_2ddc _cBK |
||